000 00333nam a2200145Ia 4500
100 _aLipschutz/Seymour
650 _aFinite mathematics
942 _cBK
245 _aBegining Finite Mathematics:Schaums
260 _bTata McGraw Hil
_c2005
082 _a510
_bLIP
300 _a349
546 _aENGLISH
_cproduction
999 _c31014
_d31014